000 00567nam a2200169 i 4500
001 26451
003 ES-MaACL
005 20230906153439.0
007 t|
008 030109q19001999sp ||||1| spa d
100 1 _aAstrana Marín, Luis.
_923693
245 1 4 _aLas profanaciones literarias
_b: el libro de los plagios : Rodríguez Marín Cejador, Casares, Villaespesa, Martínez Sierra y otros /
_cLuis Astrana Marín.
260 _aMadrid :
_bG. Hernández,
_c[19..]
300 _aXVIII, 260 p. ;
_c19 cm.
650 4 _aPlagio.
_9151935
852 _aES-MaACL
_jF-9977
999 _c26451
_d26451